[Event "14. Deizisauer Herbstopen 2019"]
[Site "Deizisau"]
[Date "2019.10.26"]
[Round "2.9"]
[White "Doering, Stefan"]
[Black "Coellen, Florian"]
[Result "1/2-1/2"]
[WhiteElo "2025"]
[BlackElo "1873"]
[Annotator "NA"]
[PlyCount "87"]
[EventDate "2019.10.25"]
[EventType "swiss"]
[EventCountry "GER"]
[SourceTitle "playchess.com"]
[Source "ChessBase"]
[SourceQuality "1"]
[TimeControl "5400+30"]

{[%evp 11,83,10,38,25,31,32767,32767,32767,32767,21,32767,32767,32767,32767,33,16,50,14,56,13,0,-14,123,83,95,45,154,112,106,33,99,100,116,120,225,103,127,103,132,32767,32767,68,59,32767,32767,32767,32767,32767,32767,32767,32767,-16,32767,0,-34,-210,-198,32767,32767,32767,32767,32767,32767,32767,32767,32767,32767,32767,32767,32767,0,0,32767,0]} 1. e4 {[%emt 0:00:00]} c5 {[%emt 0:00:00]} 2. Nf3 {[%emt 0:00:00]} d6 {[%emt 0:00:00]} 3. d4 {[%emt 0:00:00]} cxd4 {[%emt 0:00:00]} 4. Nxd4 {[%emt 0:00:00]} Nf6 {[%emt 0:00:00]} 5. Nc3 {[%emt 0:00:00]} a6 {[%emt 0:00:00]} 6. f3 {[%emt 0:00:30]} e5 {[%emt 0:00:07]} 7. Nb3 {[%emt 0:00:10]} Be7 {[%emt 0:00:09]} 8. Be3 {[%emt 0:00:28]} Be6 {[%emt 0:00:07]} 9. Qd2 {[%emt 0:00:13]} O-O {[%emt 0:00:08]} 10. O-O-O {[%emt 0:00:14]} a5 {[%emt 0:00:12]} 11. a4 {[%emt 0:01:26]} Nc6 {[%emt 0:01:40] B90: Sicilian Najdorf: Unusual White 6th moves, 6 Be3 Ng4 and 6 Be3 e5} 12. Kb1 {[%emt 0:02:31]} Nb4 {[%emt 0:02:22]} 13. g4 {[%emt 0:01:41]} Nd7 {[%emt 0:04:02] [#]} 14. Nd5 $146 {[%emt 0:08:29]} (14. g5 $16) ({Predecessor:} 14. h4 Nb6 15. Qf2 Nc4 16. Bxc4 Bxc4 17. f4 Qc8 18. fxe5 dxe5 19. Nc5 Rd8 20. Rxd8+ Bxd8 {1-0 (37) Bologan,V (2658)-Smeets,J (2538) Wijk aan Zee 2007}) 14... Bxd5 $1 {[%emt 0:02:50]} 15. exd5 {[%emt 0:00:05]} Nf6 {[%emt 0:18:38]} 16. Bf2 {[%emt 0:14:26]} Qc7 {[%emt 0:13:35]} (16... Nfxd5 $11 {keeps the balance.} 17. h4 Nc7) 17. c3 {[%emt 0:05:09]} Na6 {[%emt 0:00:57]} 18. Bb5 {[%emt 0:01:02]} Nd7 {[%emt 0:03:33]} ({Black should try} 18... Qc8) 19. f4 {[%emt 0:09:56]} Qd8 {[%emt 0:09:12]} 20. f5 {[%emt 0:08:15]} (20. Bg3 $16) 20... Bg5 {[%emt 0:03:30]} (20... Nc7 $11 {remains equal.}) 21. Qe2 {[%emt 0:00:25]} Bf4 {[%emt 0:05:38]} 22. h4 {[%emt 0:04:51]} g6 {[%emt 0:01:47]} (22... f6 $16) 23. Be3 {[%emt 0:08:31]} (23. fxg6 $18 {is more deadly.} fxg6 24. h5) 23... Nc7 {[%emt 0:04:45]} 24. Bxf4 {[%emt 0:03:02]} exf4 {[%emt 0:00:37]} 25. Qc4 {[%emt 0:03:34]} Nxb5 {[%emt 0:02:10]} 26. Qxb5 {[%emt 0:00:18]} Ne5 {[%emt 0:00:29]} 27. fxg6 {[%emt 0:01:50]} hxg6 {[%emt 0:04:36]} 28. h5 {[%emt 0:00:58]} g5 {[%emt 0:03:50]} 29. Nd4 {[%emt 0:02:42]} Ra6 {[%emt 0:04:16]} 30. Qe2 {[%emt 0:00:25]} Qd7 {[%emt 0:01:46]} 31. Qc2 {[%emt 0:05:29]} Rb6 {[%emt 0:01:23]} 32. Qf5 {[%emt 0:03:13]} Qxf5+ {[%emt 0:01:00]} 33. gxf5 $2 {[%emt 0:00:58]} (33. Nxf5 $11 {and White is okay.} Nc4 34. Rh2) 33... Kh7 {[%emt 0:01:32]} 34. Rdg1 {[%emt 0:01:53]} Rg8 {[%emt 0:00:16]} 35. f6 {[%emt 0:00:51]} Nd7 {[%emt 0:02:08]} 36. Re1 {[%emt 0:00:39]} Nxf6 {[%emt 0:01:06]} 37. Re7 {[%emt 0:00:01]} Nxd5 {[%emt 0:00:29]} 38. Rxf7+ {[%emt 0:00:32]} Rg7 {[%emt 0:00:02]} 39. Rxg7+ {[%emt 0:00:22]} Kxg7 {[%emt 0:00:01]} 40. h6+ {[%emt 0:00:09] [#]} Kh7 $11 {[%emt 0:00:18]} (40... Kh8 $1 $19 41. Kc1 g4) 41. Ne6 {[%emt 0:00:01]} Nxc3+ {[%emt 0:00:24]} 42. Ka1 {[%emt 0:00:29]} Ne4 {[%emt 0:00:56]} 43. Nf8+ {[%emt 0:00:22]} Kh8 {[%emt 0:00:15]} 44. Ng6+ {[%emt 0:00:05]} 1/2-1/2

[Event "14. Deizisauer Herbstopen 2019"]
[Site "Deizisau"]
[Date "2019.10.26"]
[Round "3.1"]
[White "Dgebuadze, Alexandre"]
[Black "Kraft, Julian"]
[Result "1-0"]
[WhiteElo "2472"]
[BlackElo "2062"]
[Annotator "ChessBase"]
[PlyCount "83"]
[EventDate "2019.10.25"]
[EventType "swiss"]
[EventCountry "GER"]
[SourceTitle "playchess.com"]
[Source "ChessBase"]
[SourceQuality "1"]
[TimeControl "5400+30"]

1. c4 {[%emt 0:00:00]} c5 {[%emt 0:01:28]} 2. Nc3 {[%emt 0:01:38]} g6 {[%emt 0:00:07]} 3. g3 {[%emt 0:00:47]} Bg7 {[%emt 0:00:13]} 4. Nh3 {[%emt 0:01:01]} e5 {[%emt 0:01:17]} 5. d3 {[%emt 0:00:18]} Ne7 {[%emt 0:00:26]} 6. Bg2 {[%emt 0:01:48]} d6 {[%emt 0:00:41]} 7. f4 {[%emt 0:06:03]} Nbc6 {[%emt 0:12:05]} 8. Nf2 {[%emt 0:09:42]} h5 {[%emt 0:18:41]} 9. fxe5 {[%emt 0:10:02]} Nxe5 {[%emt 0:00:25]} 10. Nfe4 {[%emt 0:02:14]} Nf5 {[%emt 0:01:26]} 11. Nd5 {[%emt 0:04:25]} Be6 {[%emt 0:07:32]} 12. Bg5 {[%emt 0:03:05]} Qa5+ {[%emt 0:00:24]} 13. Bd2 {[%emt 0:16:55]} Qd8 {[%emt 0:00:06]} 14. Bg5 {[%emt 0:05:44]} Qa5+ {[%emt 0:00:02]} 15. Qd2 {[%emt 0:00:23]} Qxd2+ {[%emt 0:00:25]} 16. Kxd2 {[%emt 0:00:07]} Bxd5 {[%emt 0:15:55]} 17. cxd5 {[%emt 0:00:21]} Rf8 {[%emt 0:06:56]} 18. Bh3 {[%emt 0:03:00]} Ng4 {[%emt 0:01:59]} 19. Bxg4 {[%emt 0:02:10]} hxg4 {[%emt 0:00:09]} 20. Nf6+ {[%emt 0:00:10]} Bxf6 {[%emt 0:04:45]} 21. Bxf6 {[%emt 0:00:05]} Kd7 {[%emt 0:01:46]} 22. Raf1 {[%emt 0:01:46]} Rae8 {[%emt 0:07:31]} 23. e4 {[%emt 0:01:06]} Nd4 {[%emt 0:00:28]} 24. Rf4 {[%emt 0:01:19]} Nf3+ {[%emt 0:03:58]} 25. Ke3 {[%emt 0:01:47]} Ne5 {[%emt 0:01:07]} 26. Rhf1 {[%emt 0:04:52]} g5 {[%emt 0:05:29]} 27. Rf5 {[%emt 0:02:08]} Nf3 {[%emt 0:01:58]} 28. Rf2 {[%emt 0:02:11]} Rg8 {[%emt 0:01:08]} 29. h3 {[%emt 0:04:11]} Nd4 {[%emt 0:00:36]} 30. Bxd4 {[%emt 0:02:18]} cxd4+ {[%emt 0:00:09]} 31. Kxd4 {[%emt 0:00:06]} gxh3 {[%emt 0:00:17]} 32. Rxf7+ {[%emt 0:00:20]} Re7 {[%emt 0:00:40]} 33. g4 {[%emt 0:01:08]} Rh8 {[%emt 0:03:30]} 34. Rxe7+ {[%emt 0:00:04]} Kxe7 {[%emt 0:00:01]} 35. Rh2 {[%emt 0:00:08]} Kf6 {[%emt 0:03:11]} 36. Ke3 {[%emt 0:00:06]} Rh4 {[%emt 0:00:05]} 37. Kf3 {[%emt 0:02:19]} Ke5 {[%emt 0:00:46]} 38. Kg3 {[%emt 0:00:07]} Kd4 {[%emt 0:00:41]} 39. Rxh3 {[%emt 0:00:08]} Kxd3 {[%emt 0:00:31]} 40. e5 {[%emt 0:00:28]} dxe5 {[%emt 0:00:35]} 41. d6 {[%emt 0:00:06]} e4 {[%emt 0:00:27]} 42. d7 {[%emt 0:00:06]} 1-0

[Event "14. Deizisauer Herbstopen 2019"]
[Site "Deizisau"]
[Date "2019.10.26"]
[Round "3.2"]
[White "Neiss, Josef Martin"]
[Black "Krassowizkij, Jaroslaw"]
[Result "0-1"]
[WhiteElo "2039"]
[BlackElo "2436"]
[Annotator "NA"]
[PlyCount "44"]
[EventDate "2019.10.25"]
[EventType "swiss"]
[EventCountry "GER"]
[SourceTitle "playchess.com"]
[Source "ChessBase"]
[SourceQuality "1"]
[TimeControl "5400+30"]

1. Nf3 {[%emt 0:00:00]} d5 {[%emt 0:00:00]} 2. c4 {[%emt 0:00:00]} d4 {[%emt 0:00:00]} 3. b4 {[%emt 0:01:20]} f6 {[%emt 0:00:14]} 4. e3 {[%emt 0:01:52]} e5 {[%emt 0:00:07]} 5. c5 {[%emt 0:03:26]} a5 {[%emt 0:00:06]} 6. Bb5+ {[%emt 0:02:15]} c6 {[%emt 0:00:31]} 7. Bc4 {[%emt 0:00:41]} axb4 {[%emt 0:00:14]} 8. Nxe5 {[%emt 0:02:11]} fxe5 {[%emt 0:00:09]} 9. Qh5+ {[%emt 0:00:10]} g6 {[%emt 0:00:06]} 10. Qxe5+ {[%emt 0:00:39]} Qe7 {[%emt 0:00:05]} 11. Qxh8 {[%emt 0:01:26]} Nf6 {[%emt 0:00:04]} 12. Bb2 {[%emt 0:02:07]} Be6 {[%emt 0:01:10]} 13. Bxd4 {[%emt 0:06:42]} Nbd7 {[%emt 0:00:48]} 14. Bxe6 {[%emt 0:03:48]} Qxe6 {[%emt 0:00:50]} 15. a3 {[%emt 0:03:28]} b3 {[%emt 0:06:05]} 16. Nc3 {[%emt 0:01:45]} O-O-O {[%emt 0:19:51]} 17. Ne4 {[%emt 0:06:52]} Nxe4 {[%emt 0:01:35]} 18. Qxh7 {[%emt 0:00:44]} Bxc5 {[%emt 0:00:17]} 19. O-O {[%emt 0:02:50]} Bxd4 {[%emt 0:00:38]} 20. exd4 {[%emt 0:00:04]} Nxd2 {[%emt 0:02:24]} 21. Rfe1 {[%emt 0:01:27]} b2 {[%emt 0:01:11]} 22. Rad1 {[%emt 0:00:47]} Qf5 {[%emt 0:00:26]} 0-1

[Event "14. Deizisauer Herbstopen 2019"]
[Site "Deizisau"]
[Date "2019.10.26"]
[Round "3.3"]
[White "Frolik, Erhard"]
[Black "Doeserich, Juergen"]
[Result "1-0"]
[WhiteElo "2317"]
[BlackElo "1975"]
[Annotator "NA"]
[PlyCount "67"]
[EventDate "2019.10.25"]
[EventType "swiss"]
[EventCountry "GER"]
[SourceTitle "playchess.com"]
[Source "ChessBase"]
[SourceQuality "1"]
[TimeControl "5400+30"]

1. e4 {[%emt 0:00:00]} c5 {[%emt 0:03:13]} 2. c3 {[%emt 0:00:00]} d5 {[%emt 0:00:17]} 3. exd5 {[%emt 0:00:05]} Qxd5 {[%emt 0:00:14]} 4. d4 {[%emt 0:00:09]} Nf6 {[%emt 0:00:19]} 5. Nf3 {[%emt 0:00:11]} e6 {[%emt 0:00:11]} 6. Na3 {[%emt 0:00:55]} Nc6 {[%emt 0:04:34]} 7. Nc2 {[%emt 0:09:54]} Be7 {[%emt 0:04:33]} 8. Be2 {[%emt 0:00:56]} O-O {[%emt 0:01:28]} 9. O-O {[%emt 0:01:05]} Rd8 {[%emt 0:07:07]} 10. Be3 {[%emt 0:02:32]} cxd4 {[%emt 0:02:51]} 11. Ncxd4 {[%emt 0:00:29]} Bd7 {[%emt 0:04:39]} 12. Qc2 {[%emt 0:12:50]} Be8 {[%emt 0:10:23]} 13. Rfd1 {[%emt 0:02:47]} Qa5 {[%emt 0:01:35]} 14. Qb3 {[%emt 0:03:05]} Nxd4 {[%emt 0:04:23]} 15. Rxd4 {[%emt 0:01:02]} Rxd4 {[%emt 0:03:13]} 16. Bxd4 {[%emt 0:01:44]} Qc7 {[%emt 0:02:34]} 17. Be5 {[%emt 0:04:02]} Qc6 {[%emt 0:05:30]} 18. Bd4 {[%emt 0:06:29]} Qc7 {[%emt 0:06:31]} 19. h3 {[%emt 0:02:34]} b5 {[%emt 0:03:31]} 20. Bxb5 {[%emt 0:05:24]} Rb8 {[%emt 0:07:05]} 21. Qc4 {[%emt 0:00:43]} Qxc4 {[%emt 0:00:06]} 22. Bxc4 {[%emt 0:00:05]} Rxb2 {[%emt 0:00:07]} 23. Bxa7 {[%emt 0:02:40]} Ne4 {[%emt 0:00:45]} 24. Bd4 {[%emt 0:00:35]} Bf6 {[%emt 0:00:43]} 25. Ne5 {[%emt 0:12:12]} Bxe5 {[%emt 0:01:40]} 26. Bxe5 {[%emt 0:00:05]} Nxf2 {[%emt 0:00:21]} 27. a4 {[%emt 0:02:35]} Bc6 {[%emt 0:02:21]} 28. a5 {[%emt 0:01:56]} Ne4 {[%emt 0:00:49]} 29. a6 {[%emt 0:00:23]} Nd2 {[%emt 0:01:29]} 30. a7 {[%emt 0:00:46]} Ba8 {[%emt 0:00:15]} 31. Rd1 {[%emt 0:02:42]} Kf8 {[%emt 0:02:46]} 32. Bd3 {[%emt 0:06:15]} Nb3 {[%emt 0:02:27]} 33. Bf1 {[%emt 0:01:00]} Nd2 {[%emt 0:02:16]} 34. Bf4 {[%emt 0:01:34]} 1-0

[Event "14. Deizisauer Herbstopen 2019"]
[Site "Deizisau"]
[Date "2019.10.26"]
[Round "3.4"]
[White "Gustain, Marc"]
[Black "Meier, Marlon"]
[Result "1-0"]
[WhiteElo "2179"]
[BlackElo "1929"]
[Annotator "NA"]
[PlyCount "69"]
[EventDate "2019.10.25"]
[EventType "swiss"]
[EventCountry "GER"]
[SourceTitle "playchess.com"]
[Source "ChessBase"]
[SourceQuality "1"]
[TimeControl "5400+30"]

1. e4 {[%emt 0:00:00]} g6 {[%emt 0:00:00]} 2. d4 {[%emt 0:00:00]} Bg7 {[%emt 0:00:00]} 3. Nf3 {[%emt 0:00:19]} d6 {[%emt 0:00:00]} 4. Bc4 {[%emt 0:00:15]} e6 {[%emt 0:00:01]} 5. O-O {[%emt 0:02:34]} Ne7 {[%emt 0:00:20]} 6. Bb3 {[%emt 0:00:11]} Nd7 {[%emt 0:00:51]} 7. Re1 {[%emt 0:00:13]} b6 {[%emt 0:01:19]} 8. Nbd2 {[%emt 0:00:09]} h6 {[%emt 0:00:42]} 9. Nf1 {[%emt 0:00:24]} Bb7 {[%emt 0:00:43]} 10. Ng3 {[%emt 0:00:08]} O-O {[%emt 0:06:01]} 11. h4 {[%emt 0:01:23]} c5 {[%emt 0:03:43]} 12. c3 {[%emt 0:00:13]} cxd4 {[%emt 0:05:37]} 13. cxd4 {[%emt 0:00:58]} e5 {[%emt 0:01:18]} 14. h5 {[%emt 0:05:25]} g5 {[%emt 0:00:35]} 15. Be3 {[%emt 0:02:24]} Rc8 {[%emt 0:03:39]} 16. Qd2 {[%emt 0:02:15]} Kh8 {[%emt 0:05:56]} 17. Rad1 {[%emt 0:03:46]} f5 {[%emt 0:04:24]} 18. Nxg5 {[%emt 0:20:20]} hxg5 {[%emt 0:00:47]} 19. Bxg5 {[%emt 0:00:35]} f4 {[%emt 0:02:49]} 20. Nf5 {[%emt 0:01:16]} Nf6 {[%emt 0:04:50]} 21. h6 {[%emt 0:03:52]} Nxf5 {[%emt 0:02:16]} 22. exf5 {[%emt 0:05:44]} Bxh6 {[%emt 0:07:26]} 23. Bxh6 {[%emt 0:00:03]} Ne4 {[%emt 0:18:47]} 24. Rxe4 {[%emt 0:07:22]} Bxe4 {[%emt 0:00:09]} 25. Qe2 {[%emt 0:02:45]} Qh4 {[%emt 0:17:10]} 26. Bxf8 {[%emt 0:04:40]} f3 {[%emt 0:00:53]} 27. gxf3 {[%emt 0:02:09]} Bxf5 {[%emt 0:05:29]} 28. Bxd6 {[%emt 0:03:07]} e4 {[%emt 0:01:30]} 29. Bg3 {[%emt 0:03:55]} Qh5 {[%emt 0:00:32]} 30. Qe3 {[%emt 0:02:26]} Rc6 {[%emt 0:01:03]} 31. Qf4 {[%emt 0:02:00]} Rg6 {[%emt 0:02:10]} 32. Rc1 {[%emt 0:02:51]} exf3 {[%emt 0:00:20]} 33. Qb8+ {[%emt 0:01:31]} Kh7 {[%emt 0:00:02]} 34. Rc7+ {[%emt 0:00:37]} Kh6 {[%emt 0:00:08]} 35. Qh8+ {[%emt 0:00:44]} 1-0

[Event "14. Deizisauer Herbstopen 2019"]
[Site "Deizisau"]
[Date "2019.10.26"]
[Round "3.5"]
[White "Gheng, Christian"]
[Black "Hoffmann, Achim Gunter"]
[Result "0-1"]
[WhiteElo "1868"]
[BlackElo "2125"]
[Annotator "NA"]
[PlyCount "68"]
[EventDate "2019.10.25"]
[EventType "swiss"]
[EventCountry "GER"]
[SourceTitle "playchess.com"]
[Source "ChessBase"]
[SourceQuality "1"]
[TimeControl "5400+30"]

1. e4 {[%emt 0:00:00]} c5 {[%emt 0:00:00]} 2. Nf3 {[%emt 0:00:00]} d6 {[%emt 0:00:00]} 3. d4 {[%emt 0:00:00]} cxd4 {[%emt 0:00:00]} 4. Nxd4 Nf6 {[%emt 0:00:00]} 5. Nc3 {[%emt 0:00:06]} a6 {[%emt 0:00:00]} 6. Be2 {[%emt 0:01:59]} e5 {[%emt 0:00:18]} 7. Nb3 {[%emt 0:00:55]} Be7 {[%emt 0:00:10]} 8. O-O {[%emt 0:00:14]} b5 {[%emt 0:00:28]} 9. Be3 {[%emt 0:03:03]} Nbd7 {[%emt 0:02:15]} 10. f3 {[%emt 0:03:41]} Bb7 {[%emt 0:00:36]} 11. a3 {[%emt 0:00:48]} Qc7 {[%emt 0:02:58]} 12. Qe1 {[%emt 0:07:27]} d5 {[%emt 0:05:47]} 13. exd5 {[%emt 0:00:09]} Nxd5 {[%emt 0:01:21]} 14. Nxd5 {[%emt 0:01:01]} Bxd5 {[%emt 0:00:57]} 15. Rc1 {[%emt 0:02:05]} O-O {[%emt 0:01:48]} 16. Qf2 {[%emt 0:10:00]} Rac8 {[%emt 0:22:47]} 17. c4 {[%emt 0:03:53]} bxc4 {[%emt 0:01:12]} 18. Nd2 {[%emt 0:00:09]} Qb7 {[%emt 0:10:17]} 19. Nxc4 {[%emt 0:00:45]} a5 {[%emt 0:03:58]} 20. Rfd1 {[%emt 0:06:32]} Be6 {[%emt 0:07:03]} 21. Kh1 {[%emt 0:26:17]} a4 {[%emt 0:05:14]} 22. Qg3 {[%emt 0:20:23]} Qa6 {[%emt 0:08:47]} 23. Bh6 {[%emt 0:07:04]} Bf6 {[%emt 0:01:09]} 24. Rd6 {[%emt 0:02:35]} Qb5 {[%emt 0:00:43]} 25. Rcd1 {[%emt 0:00:43]} Rxc4 {[%emt 0:01:27]} 26. Bxc4 {[%emt 0:01:57]} Qxc4 {[%emt 0:00:23]} 27. Rc1 {[%emt 0:00:13]} Qb5 {[%emt 0:01:26]} 28. h4 {[%emt 0:00:51]} Qxb2 {[%emt 0:01:43]} 29. Rcd1 {[%emt 0:00:49]} Qxa3 {[%emt 0:01:08]} 30. h5 {[%emt 0:00:32]} Kh8 {[%emt 0:00:38]} 31. Rxd7 {[%emt 0:00:47]} Bxd7 {[%emt 0:00:06]} 32. Rxd7 {[%emt 0:00:30]} gxh6 {[%emt 0:00:09]} 33. Qg4 {[%emt 0:00:22]} Qc1+ {[%emt 0:00:18]} 34. Kh2 {[%emt 0:00:06]} Qf4+ {[%emt 0:00:21]} 0-1

[Event "14. Deizisauer Herbstopen 2019"]
[Site "Deizisau"]
[Date "2019.10.26"]
[Round "3.6"]
[White "Marquardt, Alexander"]
[Black "Bueble, Joschua"]
[Result "1/2-1/2"]
[WhiteElo "2125"]
[BlackElo "1720"]
[Annotator "NA"]
[PlyCount "129"]
[EventDate "2019.10.25"]
[EventType "swiss"]
[EventCountry "GER"]
[SourceTitle "playchess.com"]
[Source "ChessBase"]
[SourceQuality "1"]
[TimeControl "5400+30"]

1. c4 {[%emt 0:02:13]} Nf6 {[%emt 0:00:00]} 2. g3 {[%emt 0:00:28]} e6 {[%emt 0:00:00]} 3. Bg2 {[%emt 0:00:16]} d5 {[%emt 0:00:15]} 4. Nf3 {[%emt 0:00:11]} Be7 {[%emt 0:01:00]} 5. O-O {[%emt 0:00:07]} O-O {[%emt 0:00:49]} 6. b3 {[%emt 0:01:06]} c5 {[%emt 0:01:45]} 7. Bb2 {[%emt 0:02:32]} d4 {[%emt 0:01:49]} 8. e3 {[%emt 0:05:27]} Nc6 {[%emt 0:02:14]} 9. exd4 {[%emt 0:00:11]} cxd4 {[%emt 0:02:33]} 10. Re1 {[%emt 0:00:34]} Re8 {[%emt 0:02:23]} 11. a3 {[%emt 0:07:44]} a5 {[%emt 0:01:50]} 12. d3 {[%emt 0:00:30]} Bf8 {[%emt 0:04:00]} 13. Ne5 {[%emt 0:00:36]} Nxe5 {[%emt 0:03:51]} 14. Rxe5 {[%emt 0:00:08]} Bd6 {[%emt 0:03:06]} 15. Rb5 {[%emt 0:04:44]} Rb8 {[%emt 0:07:50]} 16. Bxd4 {[%emt 0:07:27]} b6 {[%emt 0:06:44]} 17. Bxf6 {[%emt 0:29:18]} Qxf6 {[%emt 0:02:23]} 18. Nd2 {[%emt 0:00:10]} g6 {[%emt 0:11:27]} 19. Ne4 {[%emt 0:01:49]} Qe7 {[%emt 0:00:19]} 20. b4 {[%emt 0:14:28]} axb4 {[%emt 0:06:57]} 21. Nxd6 {[%emt 0:00:28]} Qxd6 {[%emt 0:00:06]} 22. Rxb4 {[%emt 0:00:18]} Rd8 {[%emt 0:01:08]} 23. Rb3 {[%emt 0:01:38]} e5 {[%emt 0:02:37]} 24. Qe2 {[%emt 0:03:01]} Qd4 {[%emt 0:04:48]} 25. Rab1 {[%emt 0:00:42]} Bf5 {[%emt 0:03:21]} 26. Be4 {[%emt 0:01:52]} Bxe4 {[%emt 0:04:01]} 27. Qxe4 {[%emt 0:00:06]} Qxe4 {[%emt 0:00:22]} 28. dxe4 {[%emt 0:00:05]} Rd4 {[%emt 0:00:07]} 29. c5 {[%emt 0:01:22]} Rxe4 {[%emt 0:01:11]} 30. cxb6 {[%emt 0:01:41]} Ra4 {[%emt 0:00:17]} 31. b7 {[%emt 0:00:09]} Ra7 {[%emt 0:00:11]} 32. a4 {[%emt 0:00:34]} Kg7 {[%emt 0:00:49]} 33. Rb4 {[%emt 0:00:04]} Kf6 {[%emt 0:00:09]} 34. Kf1 {[%emt 0:00:14]} Ke6 {[%emt 0:00:48]} 35. Ke2 {[%emt 0:00:06]} Kd6 {[%emt 0:00:20]} 36. Ke3 {[%emt 0:03:33]} f5 {[%emt 0:01:26]} 37. Kd3 {[%emt 0:02:03]} Kd5 {[%emt 0:01:03]} 38. Rb5+ {[%emt 0:00:35]} Kc6 {[%emt 0:00:46]} 39. Rxe5 {[%emt 0:01:51]} Rbxb7 {[%emt 0:00:19]} 40. Rxb7 {[%emt 0:01:04]} Rxb7 {[%emt 0:00:05]} 41. Re2 {[%emt 0:00:43]} Rb3+ {[%emt 0:01:25]} 42. Kc4 {[%emt 0:00:14]} Ra3 {[%emt 0:00:25]} 43. Kb4 {[%emt 0:00:07]} Ra1 {[%emt 0:00:26]} 44. Re6+ {[%emt 0:01:13]} Kd5 {[%emt 0:00:19]} 45. Re7 {[%emt 0:00:25]} Ra2 {[%emt 0:01:11]} 46. Rxh7 {[%emt 0:00:24]} Rxf2 {[%emt 0:00:11]} 47. a5 {[%emt 0:00:58]} Rb2+ {[%emt 0:01:35]} 48. Ka3 {[%emt 0:00:08]} Rb1 {[%emt 0:00:11]} 49. Rg7 {[%emt 0:01:19]} Kc4 {[%emt 0:00:41]} 50. Rc7+ {[%emt 0:01:01]} Kd5 {[%emt 0:00:22]} 51. Ka4 {[%emt 0:00:18]} g5 {[%emt 0:00:46]} 52. a6 {[%emt 0:00:53]} f4 {[%emt 0:00:13]} 53. gxf4 {[%emt 0:00:12]} gxf4 {[%emt 0:00:07]} 54. Rc3 {[%emt 0:00:59]} Ra1+ {[%emt 0:00:49]} 55. Kb5 {[%emt 0:00:26]} Ke4 {[%emt 0:02:35]} 56. Rc2 {[%emt 0:01:49]} f3 {[%emt 0:01:20]} 57. Kb6 {[%emt 0:01:59]} Rb1+ {[%emt 0:00:18]} 58. Kc7 {[%emt 0:01:40]} Ra1 {[%emt 0:00:15]} 59. Kb7 {[%emt 0:00:22]} Rb1+ {[%emt 0:00:13]} 60. Kc7 {[%emt 0:02:33]} Ra1 {[%emt 0:00:05]} 61. Kb6 {[%emt 0:00:49]} Rb1+ {[%emt 0:00:07]} 62. Kc5 {[%emt 0:00:20]} Ra1 {[%emt 0:00:18]} 63. Kb5 {[%emt 0:00:32]} Rb1+ {[%emt 0:00:20]} 64. Kc5 {[%emt 0:00:28]} Ra1 {[%emt 0:00:06]} 65. Kb6 {[%emt 0:00:33]} 1/2-1/2